Statistics for Neighborhoods of Denver

Click here to take the quiz!

General Stats

  • This quiz has been taken 48 times
  • The average score is 33 of 75

Answers on the Map

Answers color-coded by a green-red scale on the quiz's map according to % correct below.
 

Answer Stats

% Correct
Capitol Hill
87%
North Capitol Hill
87%
Five Points
81%
University
77%
Central Park (formerly Stapleton)
74%
Cherry Creek
74%
University Hills
74%
Union Station (LoDo)
71%
City Park
65%
City Park West
65%
Central Business District (Downtown)
61%
North Park Hill
61%
South Park Hill
61%
Congress Park
58%
Northeast Park Hill
58%
Auraria
55%
Baker
55%
Washington Park
55%
Washington Park West
55%
West Colfax
55%
East Colfax
52%
Highland
52%
Lowry Field
52%
West Highland
52%
Globeville
48%
Hampden
48%
Hampden South
48%
Lincoln Park
48%
Virginia Village
48%
Athmar Park
45%
Berkeley
45%
Cheesman Park
45%
Cole
45%
Elyria-Swansea
45%
Hale
45%
Platt Park
45%
Speer
45%
Bear Valley
42%
Sun Valley
42%
Valverde
42%
Belcaro (Bonnie Brae)
39%
Civic Center
39%
College View- South Platte
39%
Country Club
39%
Marston
39%
Regis
39%
Cory-Merrill
35%
Harvey Park
35%
Harvey Park South
35%
Southmoore Park
35%
Westwood
35%
Windsor
35%
Ruby Hill
32%
University Park
32%
Whittier
32%
Fort Logan
29%
Jefferson Park
29%
Mar Lee
29%
Skyland
29%
Sloan Lake
29%
Sunnyside
29%
Washington Virginia Vale
29%
Barnum
26%
Barnum West
26%
Clayton
26%
Kennedy
26%
Montclair
26%
Wellshire
26%
Chaffee Park
23%
Goldsmith
23%
Hilltop
23%
Indian Creek
23%
Rosedale
23%
Villa Park
23%
Overland
19%

Score Distribution

Percentile by Number Answered

Percent of People with Each Score

Your Score History

You have not taken this quiz